[Event "ch-RUS Junior 2014"]
[Site "Loo RUS"]
[Date "2014.04.16"]
[Round "1.1"]
[White "Chigaev, Maksim"]
[Black "Antipov, Mikhail Al."]
[Result "1-0"]
[WhiteTitle "IM"]
[BlackTitle "GM"]
[WhiteElo "2520"]
[BlackElo "2514"]
[WhiteFideId "4108116"]
[BlackFideId "4107012"]
[EventDate "2014.04.16"]

1. e4 e5 2. Nf3 Nc6 3. Bb5 a6 4. Ba4 Nf6 5. d3 d6 6. c3 g6 7. O-O Bg7 8. Re1 O-O
9. Nbd2 Bd7 10. Nf1 Nh5 11. h3 h6 12. d4 Re8 13. Bc2 Nf4 14. Bxf4 exf4 15. N1d2
Qf6 16. Nb3 Rad8 17. Nc1 g5 18. Nd3 h5 19. e5 dxe5 20. Nfxe5 Nxe5 21. Nxe5 Bf5
22. Bb3 Bg6 23. Qf3 c6 24. Re2 Qd6 25. Nxg6 Qxg6 26. Rae1 Kf8 27. h4 Bf6 28.
hxg5 Bxg5 29. Bc2 Qh6 30. Qh3 Rxe2 31. Rxe2 h4 32. Re5 Bf6 33. Re4 Be7 34. Qf5
Bd6 35. Bb3 Qg6 36. Qxg6 fxg6 37. Re6 g5 38. Rg6 Bc7 39. Rxg5 Re8 40. Rf5+ Ke7
41. Rf7+ Kd8 42. Kf1 Re7 43. Rf6 Rh7 44. Ke2 Ke7 45. Rg6 Kd8 46. Be6 Bd6 47. Bf5
Re7+ 48. Kf3 Kc7 49. Be4 Rf7 50. Rg4 c5 51. Rxh4 cxd4 52. cxd4 Rg7 53. Rh6 b6
54. Bd3 a5 55. Bb5 Re7 56. Rg6 Rf7 57. Ke4 Rh7 58. b3 -- 1-0

[Event "ch-RUS Junior 2014"]
[Site "Loo RUS"]
[Date "2014.04.16"]
[Round "1.2"]
[White "Stukopin, Andrey"]
[Black "Gordievsky, Dmitry"]
[Result "1/2-1/2"]
[WhiteTitle "IM"]
[BlackTitle "FM"]
[WhiteElo "2553"]
[BlackElo "2435"]
[WhiteFideId "24107131"]
[BlackFideId "24112798"]
[EventDate "2014.04.16"]

1. d4 Nf6 2. c4 g6 3. Nf3 Bg7 4. Nc3 d5 5. cxd5 Nxd5 6. e4 Nxc3 7. bxc3 c5 8.
Rb1 O-O 9. Be3 cxd4 10. cxd4 Qa5+ 11. Qd2 Nc6 12. Qxa5 Nxa5 13. h3 b6 14. Bd3 f5
15. Bd2 fxe4 16. Bxe4 Bb7 17. Bxb7 Nxb7 18. O-O Nd6 19. Bb4 Nf5 20. d5 Rfd8 21.
Rfd1 Bf6 22. g4 Nh4 23. Nxh4 Bxh4 24. d6 exd6 25. Bxd6 Rd7 26. Bf4 Rad8 27. Rxd7
Rxd7 28. Be3 Bf6 29. Kg2 Kf7 30. Kf3 Rc7 31. Rc1 Rxc1 32. Bxc1 Bd4 33. Be3 Bxe3
34. Kxe3 Ke6 35. Ke4 g5 36. f4 gxf4 37. Kxf4 Kf6 38. h4 a6 39. Ke4 Ke6 40. g5 b5
41. h5 b4 1/2-1/2

[Event "ch-RUS Junior 2014"]
[Site "Loo RUS"]
[Date "2014.04.16"]
[Round "1.3"]
[White "Paravyan, David"]
[Black "Alekseenko, Kirill"]
[Result "1-0"]
[WhiteTitle "IM"]
[BlackTitle "FM"]
[WhiteElo "2421"]
[BlackElo "2462"]
[WhiteFideId "4194985"]
[BlackFideId "4135539"]
[EventDate "2014.04.16"]

1. d4 Nf6 2. c4 e6 3. Nc3 Bb4 4. e3 O-O 5. Bd3 c5 6. Nf3 d5 7. O-O Nc6 8. cxd5
exd5 9. dxc5 Bxc3 10. bxc3 Bg4 11. Ba3 Re8 12. h3 Bh5 13. Qa4 Ne4 14. Nd4 Ne5
15. Bb5 Nxc3 16. Qb4 Nxb5 17. Qxb5 Nc4 18. Bb4 Rb8 19. Qa4 a5 20. Bc3 Bg6 21.
Rfd1 Be4 22. Ne2 Qe7 23. Bd4 Qg5 24. Ng3 Bg6 25. Kh2 Qe7 26. Qb5 Qc7 27. Kg1 Qc6
28. a4 f6 29. Rdc1 Ra8 30. Ne2 Ne5 31. Nf4 Bf5 32. Rd1 Red8 33. Bc3 g5 34. Nh5
Kf7 35. Qxc6 bxc6 36. Nxf6 Nd3 37. Ng4 Bxg4 38. Rxd3 Bf5 39. Rd2 Rdb8 40. Rb2
Rxb2 41. Bxb2 Bc2 42. Bc3 h5 43. g4 Kg6 44. f3 Rf8 45. Kg2 Re8 46. Kf2 Rf8 47.
Ke2 Ra8 48. Kd2 Bb3 49. f4 gxf4 50. exf4 Ra7 51. Re1 hxg4 52. hxg4 d4 53. Bxd4
Rh7 54. Ke3 Bd5 55. Bc3 Rh4 56. Rg1 Rh3+ 57. Kd4 Rf3 58. f5+ Kf6 59. Bxa5 Rf4+
60. Ke3 Rxa4 61. Bd8+ Ke5 62. Bc7+ Kf6 63. Bd8+ Ke5 64. Bc7+ Kf6 65. Kd3 Bf3 66.
g5+ Kxf5 67. g6 Be4+ 68. Kc3 Bd5 69. g7 Rg4 70. Rf1+ Ke6 71. Re1+ Kf5 72. Rf1+
Ke6 73. Re1+ Kf5 74. Be5 Re4 75. Rd1 Rg4 76. Bd4 Rg3+ 77. Kb2 Ke4 78. Bc3 Rg2+
79. Ka3 Kf5 80. Kb4 Ke6 81. Ka5 Kd7 82. Kb6 Rg3 83. Kb7 Ke6 84. Kc7 Kf7 85. Be5
Rf3 86. Rh1 Rf5 87. Rh8 Rg5 88. Rf8+ Ke6 89. Bd4 1-0

[Event "ch-RUS Junior 2014"]
[Site "Loo RUS"]
[Date "2014.04.16"]
[Round "1.4"]
[White "Bukavshin, Ivan"]
[Black "Mokshanov, Alexey"]
[Result "1-0"]
[WhiteTitle "GM"]
[BlackTitle "FM"]
[WhiteElo "2608"]
[BlackElo "2428"]
[WhiteFideId "4199758"]
[BlackFideId "24121657"]
[EventDate "2014.04.16"]

1. b3 Nf6 2. Bb2 e6 3. e3 Be7 4. Be2 b6 5. Nf3 Bb7 6. O-O O-O 7. c4 d5 8. Nc3 c5
9. d4 dxc4 10. Bxc4 cxd4 11. Nxd4 Nc6 12. Nxc6 Bxc6 13. Qe2 Qc8 14. e4 Rd8 15.
Rac1 Qb7 16. Ba6 Qd7 17. Rc2 Bc5 18. Kh1 e5 19. f3 Nh5 20. g3 Qe6 21. Bc1 h6 22.
Bc4 Qh3 23. Qg2 Qxg2+ 24. Kxg2 Nf6 25. Re1 a6 26. Bb2 Bd4 27. Nd1 Bb7 28. Kf1
Rac8 29. Bxd4 Rxd4 30. Ne3 g6 31. Rec1 Rdd8 32. Be2 b5 33. a4 Rb8 34. axb5 axb5
35. Rc5 Nd7 36. Rxb5 Ba6 37. Rxb8 Bxe2+ 38. Kxe2 Rxb8 39. Rb1 Kf8 40. b4 Ke7 41.
Nd5+ Kd6 42. Ra1 Kc6 43. Ra6+ Kb5 44. Ra7 Nb6 45. Ra5+ Kc4 46. Rc5+ Kb3 47. Nxb6
Rxb6 48. b5 f6 49. Rc6 Rxb5 50. Rxf6 Kc4 51. Rc6+ Kd4 52. Rd6+ Kc4 53. f4 exf4
54. gxf4 g5 55. f5 h5 56. f6 Rb2+ 57. Rd2 Rb6 58. e5 Re6 1-0

[Event "ch-RUS Junior 2014"]
[Site "Loo RUS"]
[Date "2014.04.16"]
[Round "1.5"]
[White "Predke, Alexandr"]
[Black "Oparin, Grigoriy"]
[Result "1/2-1/2"]
[BlackTitle "GM"]
[WhiteElo "2491"]
[BlackElo "2542"]
[WhiteFideId "24107581"]
[BlackFideId "24125890"]
[EventDate "2014.04.16"]

1. c4 e6 2. Nc3 d5 3. d4 Be7 4. Nf3 Nf6 5. Bg5 h6 6. Bxf6 Bxf6 7. e3 O-O 8. Rc1
c6 9. Bd3 Nd7 10. O-O dxc4 11. Bxc4 e5 12. d5 Nb6 13. b3 Bg4 14. dxc6 bxc6 15.
Be2 Bf5 16. Nd2 Be7 17. Nce4 Rc8 18. Nc5 Qd6 19. Nde4 Qxd1 20. Rfxd1 Rfd8 21. g4
Bg6 22. Bf3 Rd5 23. Nb7 Ba3 24. Ned6 Rxd1+ 25. Rxd1 Rc7 26. Na5 Bxd6 27. Rxd6 c5
28. Bc6 Kf8 29. f4 exf4 30. exf4 Ke7 31. Rd2 f5 32. Re2+ Kf6 33. h3 fxg4 34.
hxg4 c4 35. bxc4 Bd3 36. Re8 Bxc4 37. Nxc4 Rxc6 38. Ne5 Rc2 39. Rf8+ Ke6 40. Rg8
Nd5 41. Re8+ Kf6 42. Rf8+ Ke6 43. Re8+ Kf6 44. Rf8+ Ke6 1/2-1/2

[Event "ch-RUS Junior 2014"]
[Site "Loo RUS"]
[Date "2014.04.17"]
[Round "2.1"]
[White "Chigaev, Maksim"]
[Black "Stukopin, Andrey"]
[Result "1/2-1/2"]
[WhiteTitle "IM"]
[BlackTitle "IM"]
[WhiteElo "2520"]
[BlackElo "2553"]
[WhiteFideId "4108116"]
[BlackFideId "24107131"]
[EventDate "2014.04.16"]

1. e4 c6 2. d4 d5 3. Nc3 dxe4 4. Nxe4 Bf5 5. Ng3 Bg6 6. h4 h6 7. Nf3 Nd7 8. h5
Bh7 9. Bd3 Bxd3 10. Qxd3 e6 11. Bd2 Ngf6 12. O-O-O Bd6 13. Ne4 Nxe4 14. Qxe4 Qc7
15. Kb1 O-O-O 16. c4 Nf6 17. Qe2 c5 18. Bc3 cxd4 19. Rxd4 Bc5 20. Rdh4 Rhe8 21.
Ne5 Nh7 22. Nd3 f6 23. Nxc5 Qxc5 24. Re1 Qf5+ 25. Qc2 Qxc2+ 26. Kxc2 e5 27. f4
exf4 28. Rxf4 Rxe1 29. Bxe1 Re8 30. Bf2 Re2+ 31. Kb3 a6 32. Bb6 Nf8 33. g4 Ne6
34. Rf2 Re4 35. Rg2 Kd7 36. Kc3 Nf4 37. Rd2+ Kc6 38. Bf2 Nh3 39. Bg3 Rxg4 40.
Bh2 Nf4 41. Bxf4 1/2-1/2

[Event "ch-RUS Junior 2014"]
[Site "Loo RUS"]
[Date "2014.04.17"]
[Round "2.2"]
[White "Gordievsky, Dmitry"]
[Black "Paravyan, David"]
[Result "1-0"]
[WhiteTitle "FM"]
[BlackTitle "IM"]
[WhiteElo "2435"]
[BlackElo "2421"]
[WhiteFideId "24112798"]
[BlackFideId "4194985"]
[EventDate "2014.04.16"]

1. d4 Nf6 2. c4 g6 3. Nf3 Bg7 4. g3 O-O 5. Bg2 d5 6. cxd5 Nxd5 7. O-O Nb6 8. Nc3
Nc6 9. e3 Re8 10. Nh4 Nb4 11. a3 N4d5 12. Ne2 e5 13. dxe5 Bxe5 14. e4 Ne7 15.
Qc2 Nc6 16. Nf3 Bf6 17. h3 Qe7 18. Nc3 Be6 19. Bf4 Bc4 20. Rfe1 Qe6 21. Nd5 Bxd5
22. exd5 Qxd5 23. Ne5 Qa5 24. b4 Qa6 25. Nxc6 Bxa1 26. Rxa1 bxc6 27. Bxc6 Qe2
28. Qxe2 Rxe2 29. Bxa8 Nxa8 30. Rd1 Kg7 31. Rd5 Nb6 32. Ra5 Nc4 33. Rxa7 c6 34.
Ra6 Re1+ 35. Kg2 Rb1 36. Rxc6 Nxa3 37. Be5+ Kh6 38. Rc7 Rxb4 39. Rxf7 1-0

[Event "ch-RUS Junior 2014"]
[Site "Loo RUS"]
[Date "2014.04.17"]
[Round "2.3"]
[White "Alekseenko, Kirill"]
[Black "Bukavshin, Ivan"]
[Result "1/2-1/2"]
[WhiteTitle "FM"]
[BlackTitle "GM"]
[WhiteElo "2462"]
[BlackElo "2608"]
[WhiteFideId "4135539"]
[BlackFideId "4199758"]
[EventDate "2014.04.16"]

1. e4 c5 2. Nf3 d6 3. d4 cxd4 4. Nxd4 Nf6 5. Nc3 a6 6. Be3 e5 7. Nb3 Be7 8. h3
Be6 9. Qf3 O-O 10. O-O-O b5 11. g4 b4 12. Nd5 Nxd5 13. exd5 Bd7 14. Bd3 a5 15.
Kb1 Na6 16. Nd2 a4 17. Qe4 g6 18. Bxa6 Rxa6 19. Qxb4 Qc7 20. c4 f5 21. f3 e4 22.
Qc3 exf3 23. g5 f4 24. Bd4 Bf5+ 25. Ka1 Bxg5 26. Nxf3 Bh6 27. Rde1 Qa5 28. Qa3
Qc7 29. Qc3 Qa5 30. Qa3 Qc7 1/2-1/2

[Event "ch-RUS Junior 2014"]
[Site "Loo RUS"]
[Date "2014.04.17"]
[Round "2.4"]
[White "Mokshanov, Alexey"]
[Black "Predke, Alexandr"]
[Result "1/2-1/2"]
[WhiteTitle "FM"]
[WhiteElo "2428"]
[BlackElo "2491"]
[WhiteFideId "24121657"]
[BlackFideId "24107581"]
[EventDate "2014.04.16"]

1. e4 c5 2. Nf3 d6 3. Bb5+ Nd7 4. d4 cxd4 5. Qxd4 a6 6. Bxd7+ Bxd7 7. O-O e5 8.
Qd3 Rc8 9. c4 b5 10. Na3 Qb6 11. Be3 Qb7 12. Nd2 h6 13. Rfc1 Nf6 14. f3 Be7 15.
Nc2 O-O 16. b3 a5 17. Rab1 Kh8 18. Kh1 Be6 19. Bg1 Nh5 20. Ne3 Nf4 21. Qf1 b4
22. Nd5 Bg5 23. Nxf4 Bxf4 24. Rd1 f5 25. Qd3 Bd7 26. exf5 Bxd2 27. Qxd2 Rxf5 28.
Qe3 Bc6 29. Qa7 Rxf3 30. Qxb7 Bxb7 31. Rxd6 Rc3 32. Rf1 Bc6 33. Re6 a4 34. bxa4
Rxc4 35. Rxe5 Rc2 36. Rf2 Bxa4 37. Ref5 Rc1 38. Rf8+ Rxf8 39. Rxf8+ Kh7 40. Rf2
Bc6 41. Rb2 Ra1 42. h3 Bd5 43. Rxb4 Rxa2 44. Rg4 g5 45. Be3 Kg6 46. Kg1 Kf5 47.
Bf2 Be4 48. Rg3 Ra1+ 49. Kh2 Rf1 50. Ba7 Rb1 51. Bf2 Rb2 52. Kg1 Rb1+ 53. Kh2
Rf1 54. Ba7 Rd1 55. Bf2 h5 56. Rb3 Rd2 57. Kg1 Rd1+ 58. Kh2 Rd2 59. Kg1 h4 60.
Rb5+ Kf4 61. Rb3 Kf5 62. Rb5+ Bd5 63. Rb4 Rd1+ 64. Kh2 Rf1 65. Be3 Re1 66. Rb5
Rxe3 67. Rxd5+ Kf4 68. Rd4+ Re4 69. Rxe4+ Kxe4 70. g3 Kf3 71. gxh4 gxh4 72. Kh1
Kg3 73. Kg1 Kf3 74. Kh2 Kf2 75. Kh1 Kg3 76. Kg1 Kxh3 77. Kh1 Kg3 78. Kg1 h3 79.
Kh1 h2 1/2-1/2

[Event "ch-RUS Junior 2014"]
[Site "Loo RUS"]
[Date "2014.04.17"]
[Round "2.5"]
[White "Antipov, Mikhail Al."]
[Black "Oparin, Grigoriy"]
[Result "1/2-1/2"]
[WhiteTitle "GM"]
[BlackTitle "GM"]
[WhiteElo "2514"]
[BlackElo "2542"]
[WhiteFideId "4107012"]
[BlackFideId "24125890"]
[EventDate "2014.04.16"]

1. e4 c5 2. Nf3 d6 3. Bb5+ Bd7 4. Bxd7+ Qxd7 5. c4 Nf6 6. Nc3 Nc6 7. d4 cxd4 8.
Nxd4 g6 9. h3 Nxd4 10. Qxd4 Bg7 11. O-O O-O 12. Qd3 Rfc8 13. Be3 a6 14. Bd4 Qc6
15. Bxf6 Bxf6 16. Nd5 b5 17. cxb5 axb5 18. Kh2 Kg7 19. Nxf6 exf6 20. a3 Qc4 21.
Qxd6 Qxe4 22. Rae1 Qf5 23. Re2 Rd8 24. Qg3 Rac8 25. Rfe1 Rc2 26. Qe3 Rd3 27. Qa7
Rxe2 28. Rxe2 Qf4+ 29. g3 Qc4 30. Qe7 h5 31. h4 Qd5 32. Qe4 Qxe4 33. Rxe4 Rd2
34. Kg2 Rxb2 35. a4 f5 36. Rf4 Kf6 37. axb5 Rxb5 38. Ra4 Re5 39. f4 Re3 40. Kf2
Rb3 41. Ra6+ 1/2-1/2

[Event "ch-RUS Junior 2014"]
[Site "Loo RUS"]
[Date "2014.04.18"]
[Round "3.1"]
[White "Paravyan, David"]
[Black "Chigaev, Maksim"]
[Result "1/2-1/2"]
[WhiteTitle "IM"]
[BlackTitle "IM"]
[WhiteElo "2421"]
[BlackElo "2520"]
[WhiteFideId "4194985"]
[BlackFideId "4108116"]
[EventDate "2014.04.16"]

1. d4 d5 2. c4 c6 3. e3 Nf6 4. Nc3 g6 5. Nf3 Bg7 6. Bd3 O-O 7. O-O Nbd7 8. Qc2
e6 9. b3 b6 10. Ba3 Re8 11. Rac1 Bb7 12. Rfd1 Rc8 13. Qe2 a6 14. Bd6 dxc4 15.
Bxc4 b5 16. Bd3 Nb6 17. Bc5 Nbd7 18. Bd6 Nb6 19. Be5 Nbd7 20. Ne4 Nxe5 21. Nxe5
Nxe4 22. Bxe4 Bxe5 23. dxe5 Qe7 24. Qf3 Rcd8 25. Bxc6 Bxc6 26. Qxc6 Qa3 27. Qc2
Kg7 28. Rd4 Rxd4 29. exd4 Rd8 30. Rd1 a5 31. h4 h5 32. Qd2 Rd5 33. Qg5 Qf8 34.
Rd3 Qc8 35. Kh2 Qd7 36. Qf6+ Kg8 37. Qf4 b4 38. Rd1 Kg7 39. Qf6+ Kg8 40. Qf4 Kg7
41. g4 hxg4 42. Qxg4 Qc8 43. Qf4 Qc2 44. Rc1 Qf5 45. Qxf5 gxf5 46. Rc4 Kg6 47.
Kg3 Kh5 48. f3 Rd7 49. f4 Rd8 50. Kf3 Kxh4 51. Rc1 Kh5 52. Ke3 a4 53. Rc7 axb3
54. axb3 Kg6 55. Rb7 Rh8 56. d5 exd5 57. Rxb4 Rh4 58. Kd2 Kh5 59. Rd4 Kg4 60. b4
Rh8 61. b5 Rb8 62. Rb4 d4 63. Kd3 Kxf4 64. Kxd4 Rd8+ 65. Kc5+ Kxe5 1/2-1/2

[Event "ch-RUS Junior 2014"]
[Site "Loo RUS"]
[Date "2014.04.18"]
[Round "3.2"]
[White "Bukavshin, Ivan"]
[Black "Gordievsky, Dmitry"]
[Result "1/2-1/2"]
[WhiteTitle "GM"]
[BlackTitle "FM"]
[WhiteElo "2608"]
[BlackElo "2435"]
[WhiteFideId "4199758"]
[BlackFideId "24112798"]
[EventDate "2014.04.16"]

1. d4 d5 2. c4 c6 3. Nc3 Nf6 4. Nf3 dxc4 5. a4 Bf5 6. Ne5 Nbd7 7. Nxc4 Nb6 8.
Ne5 a5 9. e3 g6 10. Bd3 Bxd3 11. Nxd3 Bg7 12. O-O O-O 13. Rb1 Nfd7 14. f4 Rc8
15. b4 Nc4 16. Ne5 Ncxe5 17. dxe5 axb4 18. Rxb4 Qa5 19. Qb3 Nc5 20. Qc4 b6 21.
Ne2 Rfd8 22. Nd4 e6 23. h4 Bf8 24. Kh2 Nd7 25. Rb2 Qd5 26. Qe2 Nc5 27. Rxb6 Nxa4
28. Ra6 Nc3 29. Qf3 Qxf3 30. Nxf3 c5 31. Ra7 h6 32. h5 gxh5 33. f5 exf5 34. Nh4
Re8 35. Nxf5 Ne4 36. Bb2 c4 37. Bd4 c3 38. Rc1 Re6 39. Rc2 Bb4 40. Rb7 Bf8 41.
Ng3 1/2-1/2

[Event "ch-RUS Junior 2014"]
[Site "Loo RUS"]
[Date "2014.04.18"]
[Round "3.3"]
[White "Predke, Alexandr"]
[Black "Alekseenko, Kirill"]
[Result "1-0"]
[BlackTitle "FM"]
[WhiteElo "2491"]
[BlackElo "2462"]
[WhiteFideId "24107581"]
[BlackFideId "4135539"]
[EventDate "2014.04.16"]

1. e4 c5 2. Nf3 Nc6 3. d4 cxd4 4. Nxd4 Nf6 5. Nc3 d6 6. Bg5 Qb6 7. Be3 a6 8. Nb3
Qd8 9. Nd5 Nd7 10. c4 e6 11. Nc3 Be7 12. Be2 O-O 13. O-O b6 14. Nd4 Bb7 15. Nxc6
Bxc6 16. f3 Qb8 17. Qb3 Rc8 18. Rfc1 Bf6 19. Rab1 Be5 20. g3 g6 21. Bf2 h5 22.
Qd1 h4 23. Qd3 Bb7 24. Kg2 Qc7 25. Qe3 Kg7 26. b4 Qd8 27. Na4 Rab8 28. Rd1 Qe7
29. Rbc1 a5 30. a3 Bc6 31. Nc3 f5 32. exf5 gxf5 33. Nb5 Rh8 34. Nxd6 Bxd6 35. b5
hxg3 36. hxg3 f4 37. Qc3+ Be5 38. Rxd7 Bxd7 39. Qxe5+ Kf7 40. Qxf4+ Qf6 41. Qc7
Qd8 42. Qd6 Rb7 43. Rd1 Qg5 44. Rd4 Ke8 45. Bd3 Kd8 46. Rf4 Ke8 47. Be4 e5 48.
Bg6+ Kd8 49. Rf5 1-0

[Event "ch-RUS Junior 2014"]
[Site "Loo RUS"]
[Date "2014.04.18"]
[Round "3.4"]
[White "Oparin, Grigoriy"]
[Black "Mokshanov, Alexey"]
[Result "1-0"]
[WhiteTitle "GM"]
[BlackTitle "FM"]
[WhiteElo "2542"]
[BlackElo "2428"]
[WhiteFideId "24125890"]
[BlackFideId "24121657"]
[EventDate "2014.04.16"]

1. e4 e6 2. d4 d5 3. Nc3 Nf6 4. Bg5 dxe4 5. Nxe4 Nbd7 6. Nf3 h6 7. Nxf6+ Nxf6 8.
Be3 Nd5 9. Bd2 c5 10. Bb5+ Bd7 11. Bxd7+ Qxd7 12. c4 Nb6 13. Rc1 Be7 14. dxc5
Bxc5 15. b4 Be7 16. c5 Nd5 17. Ne5 Qc7 18. Qa4+ Kf8 19. Nf3 h5 20. O-O h4 21. h3
Rh5 22. Rfe1 Kg8 23. Re4 a6 24. Qd1 Rd8 25. Qe2 Bf6 26. a4 Rc8 27. Rcc4 Qe7 28.
Nd4 g6 29. Nf3 a5 30. b5 Rxc5 31. Bxa5 Kg7 32. Qd3 Rxc4 33. Rxc4 Qe8 34. Bd2 Nb6
35. Rg4 Rd5 36. Qe3 Qd8 37. Qh6+ Kg8 38. Ng5 Rxg5 39. Bxg5 Qd1+ 40. Kh2 Be5+ 41.
Bf4 Bg7 42. Qxh4 Nxa4 43. Qe7 Nc3 44. Qe8+ Bf8 45. Be5 1-0

[Event "ch-RUS Junior 2014"]
[Site "Loo RUS"]
[Date "2014.04.18"]
[Round "3.5"]
[White "Stukopin, Andrey"]
[Black "Antipov, Mikhail Al."]
[Result "1-0"]
[WhiteTitle "IM"]
[BlackTitle "GM"]
[WhiteElo "2553"]
[BlackElo "2514"]
[WhiteFideId "24107131"]
[BlackFideId "4107012"]
[EventDate "2014.04.16"]

1. d4 Nf6 2. c4 e6 3. g3 Bb4+ 4. Bd2 Be7 5. Bg2 d5 6. Nf3 O-O 7. O-O b6 8. Qc2
Bb7 9. Bf4 Nbd7 10. Rd1 Rc8 11. cxd5 Nxd5 12. Nc3 Nxf4 13. gxf4 c6 14. Ne5 Qc7
15. e3 Nxe5 16. fxe5 Rfd8 17. f4 g6 18. a3 Rd7 19. Rd2 Rcd8 20. Rad1 Qb8 21. b4
Qa8 22. Qb3 Kg7 23. e4 a5 24. Kh1 axb4 25. axb4 c5 26. bxc5 Bxc5 27. Ra2 Qc8 28.
dxc5 Rxd1+ 29. Nxd1 Qxc5 30. Qb1 Qd4 31. Bf3 Qc4 32. Nf2 Qc3 33. Kg2 Qe3 34. Qb4
Rd7 35. Kg3 g5 36. Nh3 Rd3 37. Rf2 h6 38. fxg5 hxg5 39. Qe7 Qxe4 40. Qf6+ Kg8
41. Nxg5 1-0

[Event "ch-RUS Junior 2014"]
[Site "Loo RUS"]
[Date "2014.04.19"]
[Round "4.1"]
[White "Chigaev, Maksim"]
[Black "Bukavshin, Ivan"]
[Result "0-1"]
[WhiteTitle "IM"]
[BlackTitle "GM"]
[WhiteElo "2520"]
[BlackElo "2608"]
[WhiteFideId "4108116"]
[BlackFideId "4199758"]
[EventDate "2014.04.16"]

1. e4 c6 2. d4 d5 3. e5 Bf5 4. h4 h5 5. c4 e6 6. Nc3 Ne7 7. Bg5 Qb6 8. Qd2 Nd7
9. Nge2 dxc4 10. Ng3 O-O-O 11. Nxf5 exf5 12. e6 fxe6 13. Bxc4 Re8 14. O-O Nd5
15. Bxd5 exd5 16. Qf4 Be7 17. Rac1 Bxg5 18. hxg5 Kd8 19. b4 g6 20. b5 Re6 21.
bxc6 bxc6 22. Na4 Qc7 23. Qd2 Rhe8 24. Nc5 Re2 25. Qb4 Nxc5 26. Rxc5 R8e6 27. a3
Qb6 28. Qc3 Rb2 29. Rc1 Rb1 30. g3 Rxc1+ 31. Qxc1 Kd7 32. Kg2 Qa6 33. Qc3 Re4
34. Ra5 Qb6 35. Qc5 Qxc5 36. dxc5 d4 37. Rxa7+ Ke6 38. Rg7 Kd5 39. Rxg6 Kxc5 40.
Rg7 d3 41. g6 Kc4 42. Rd7 c5 43. Rd6 Kc3 44. Kf3 c4 45. Rd8 Rg4 46. Rd6 d2 47.
Ke2 Re4+ 48. Kf3 Kc2 49. g7 Rg4 50. Ke2 c3 0-1

[Event "ch-RUS Junior 2014"]
[Site "Loo RUS"]
[Date "2014.04.19"]
[Round "4.2"]
[White "Stukopin, Andrey"]
[Black "Paravyan, David"]
[Result "0-1"]
[WhiteTitle "IM"]
[BlackTitle "IM"]
[WhiteElo "2553"]
[BlackElo "2421"]
[WhiteFideId "24107131"]
[BlackFideId "4194985"]
[EventDate "2014.04.16"]

1. e4 e5 2. Nf3 Nc6 3. Bc4 Bc5 4. c3 Nf6 5. d4 exd4 6. cxd4 Bb4+ 7. Bd2 Nxe4 8.
Bxb4 Nxb4 9. Bxf7+ Kxf7 10. Qb3+ d5 11. Ne5+ Ke6 12. Qxb4 c5 13. Qa4 Qb6 14. Nd3
c4 15. Nf4+ Kf7 16. Nxd5 Qxb2 17. O-O Be6 18. Na3 b5 19. Nxb5 Bxd5 20. Rab1 Qd2
21. Nc7 Rad8 22. Nxd5 Rxd5 23. Rb7+ Kg6 24. Qc6+ Nf6 25. Qxc4 Qxd4 26. Qc7 Rg8
27. Rxa7 h6 28. h3 Rd7 29. Qc2+ Qd3 30. Qxd3+ Rxd3 31. Re1 Rgd8 32. Ree7 Rd1+
33. Kh2 R8d7 34. Rexd7 Nxd7 35. h4 Rd2 36. f3 Ne5 37. Kh3 Nd3 38. h5+ Kh7 39. g3
Nf2+ 40. Kg2 Ne4+ 41. Kh3 Ng5+ 42. Kg4 Rd3 43. f4 Ne4 44. Re7 Rxg3+ 45. Kh4 Re3
46. Re5 Re2 47. a4 Rh2+ 48. Kg4 Nf6+ 49. Kg3 Rxh5 50. Rxh5 Nxh5+ 51. Kf3 Nf6 52.
a5 h5 53. a6 Nd7 54. a7 Nb6 55. Ke4 Kg6 56. Kd4 h4 57. Ke4 h3 58. Kf3 Kf5 59.
Kg3 h2 60. Kxh2 Kxf4 61. Kg2 Ke5 0-1

[Event "ch-RUS Junior 2014"]
[Site "Loo RUS"]
[Date "2014.04.19"]
[Round "4.3"]
[White "Gordievsky, Dmitry"]
[Black "Predke, Alexandr"]
[Result "0-1"]
[WhiteTitle "FM"]
[WhiteElo "2435"]
[BlackElo "2491"]
[WhiteFideId "24112798"]
[BlackFideId "24107581"]
[EventDate "2014.04.16"]

1. d4 Nf6 2. c4 e6 3. Nc3 Bb4 4. e3 O-O 5. Bd3 d5 6. Nf3 c5 7. O-O cxd4 8. exd4
dxc4 9. Bxc4 b6 10. Bg5 Bb7 11. Rc1 h6 12. Bh4 Nc6 13. Bd3 Be7 14. Bb1 Nh5 15.
Qd3 g6 16. Bxe7 Nxe7 17. Qe3 Bxf3 18. Qxf3 Kg7 19. Qb7 Nf6 20. Rfe1 Ned5 21. Nb5
Qb8 22. Qxb8 Rfxb8 23. Bd3 Rd8 24. Bf1 Rd7 25. a4 Ne8 26. g3 Rb8 27. Red1 Nb4
28. Rc4 a5 29. Rdc1 Rbd8 30. Rc8 Nd6 31. Rxd8 Rxd8 32. Na3 Kf6 33. Rc7 Nf5 34.
Nc4 Nd5 35. Rb7 Nd6 36. Nxd6 Rxd6 37. Bb5 Rd8 38. Bc4 Rd6 39. Bb5 Ne7 40. Be8 g5
41. h3 h5 42. Kg2 g4 43. hxg4 hxg4 44. b3 Rd8 45. Bb5 Rd6 46. Be8 Rxd4 47. Rxb6
Nf5 48. Ra6 Rd2 49. Ra7 Nd6 50. Bc6 Rc2 51. Ra6 Nf5 52. Be4 Ne3+ 53. Kg1 Rc1+
54. Kh2 Nf1+ 55. Kg2 Nd2 56. Bd3 Nxb3 57. Be2 Kg5 58. Rb6 Nd4 59. Bd3 Ra1 60.
Rb8 f5 0-1

[Event "ch-RUS Junior 2014"]
[Site "Loo RUS"]
[Date "2014.04.19"]
[Round "4.4"]
[White "Alekseenko, Kirill"]
[Black "Oparin, Grigoriy"]
[Result "1/2-1/2"]
[WhiteTitle "FM"]
[BlackTitle "GM"]
[WhiteElo "2462"]
[BlackElo "2542"]
[WhiteFideId "4135539"]
[BlackFideId "24125890"]
[EventDate "2014.04.16"]

1. e4 c5 2. Nf3 d6 3. Bb5+ Bd7 4. Bxd7+ Qxd7 5. c4 Nf6 6. Nc3 Nc6 7. d4 cxd4 8.
Nxd4 g6 9. f3 Bg7 10. Be3 O-O 11. O-O Rac8 12. Nde2 a6 13. b3 Qd8 14. Qd2 Qa5
15. a4 Nd7 16. Rab1 Rfe8 17. Kh1 Qh5 18. Nd5 Qe5 19. Bf4 Qe6 20. Bg3 f6 21. Qe3
Qf7 22. Nb6 Rcd8 23. Nxd7 Rxd7 24. Rfd1 f5 25. Rd2 fxe4 26. Qxe4 Qf5 27. Qxf5
gxf5 28. Rd5 Rf8 29. Nf4 Nb4 30. Rdd1 Kf7 31. Nd5 Nxd5 32. Rxd5 e5 33. f4 Ke6
34. Rbd1 e4 35. Be1 b6 36. Bb4 Rfd8 37. Ba3 Bf6 38. Kg1 Be7 39. Kf2 h5 40. g3
Rg8 1/2-1/2

[Event "ch-RUS Junior 2014"]
[Site "Loo RUS"]
[Date "2014.04.19"]
[Round "4.5"]
[White "Antipov, Mikhail Al."]
[Black "Mokshanov, Alexey"]
[Result "0-1"]
[WhiteTitle "GM"]
[BlackTitle "FM"]
[WhiteElo "2514"]
[BlackElo "2428"]
[WhiteFideId "4107012"]
[BlackFideId "24121657"]
[EventDate "2014.04.16"]

1. e4 e5 2. Nf3 Nc6 3. Be2 Nf6 4. Nc3 d5 5. exd5 Nxd5 6. O-O Nxc3 7. bxc3 e4 8.
Ne1 Bd6 9. f3 Bf5 10. fxe4 Bxe4 11. Bf3 Bxf3 12. Qxf3 O-O 13. Rb1 Rb8 14. d4 Qh4
15. g3 Qh3 16. Nd3 a6 17. Bb2 Na5 18. Rbe1 b5 19. Bc1 Qd7 20. Nf4 Bxf4 21. Bxf4
Rbe8 22. Qh5 Nc4 23. Qc5 c6 24. a4 Rxe1 25. Rxe1 Re8 26. Rxe8+ Qxe8 27. Qa7 Qe1+
28. Kg2 Qe4+ 29. Kg1 h6 30. Qxa6 g5 31. Qc8+ Kg7 32. Be5+ Nxe5 33. dxe5 bxa4 34.
Qa6 g4 35. e6 Qe1+ 36. Kg2 Qd2+ 37. Kf1 Qd1+ 38. Kf2 Qxc2+ 39. Kf1 Qf5+ 40. Kg1
Qb1+ 41. Kf2 Qc2+ 42. Kf1 fxe6 43. Qa7+ Kg6 44. Qa8 Qe4 45. Qe8+ Kf6 46. Qf8+
Ke5 47. Qc5+ Qd5 48. Qe3+ Kd6 49. Qf4+ Kd7 50. Ke1 Qh1+ 51. Kd2 Qxh2+ 52. Kc1
Qh1+ 53. Kc2 Qg2+ 54. Kc1 Qd5 55. Qxa4 Qc5 56. Qd1+ Ke7 57. Qe1 Kf6 58. Qf1+ Qf5
59. Qh1 h5 60. Qd1 Kg6 61. Qd6 h4 62. gxh4 Kh5 63. Kb2 Kxh4 64. Qh2+ Kg5 65.
Qd2+ Kg6 66. Qd8 Qd5 67. Qg8+ Kf5 68. Qh7+ Kf4 0-1